N'oubliez pas les paroles !!! (version difficile) - Statistiques

Statistiques générales
  • Ce quiz a été pris 54 fois
  • Le résultat moyen est 2 sur 10
Statistiques - réponses
Nom du chanteur Nom de la musique Paroles précédentes Suite % Correct
BB Brunes Dis-moi Une violente envie de descente lorsque t'embrasses ces gars
Je n'ferais point l'enfant, tout cela ne m'atteint pas
Des rumeurs adolescentes disent que je ne suis pas
Un homme à femmes et rien d'autre (5 mots)
qu'un homme à toi
66%
Gims Bella Oui, c'est un phénomène qui aime hanter nos rêves
Cette femme était nommée "Bella la peau dorée"
Les femmes la haïssaient, (3 mots)
toutes la jalousaient
43%
Clara Luciani La grenade Hé toi
Qu'est-ce que tu t'imagines?
Je suis aussi vorace
Aussi vivante que toi
Sais-tu que là sous ma poitrine (3 mots)
Une rage sommeille
36%
Indochine L'aventurier Bob Morane contre tout chacal
L'aventurier contre tout guerrier
Dérivant à bord du Sampang
L'aventure au parfum d'Ylalang (5 mots)
Son surnom, "Samouraï du Soleil"
34%
Calogero 1987 Tu te souviens
Les survêt et les houpettes
Sabrina et 7 sur 7
Dans la cuisine c'était rien
Que douze mois sur la planète
L'URSS, INXS (6 mots)
On chantait "I want your sex"
21%
Kyo Le Graal Estomaqué par la beauté du spectacle
Je marche sur les braises sans le vouloir
Sans anesthésie, se recoudre l'arcade (9 mots)
Un coup de coma, le sang sur le carrelage
19%
Hervé Cristiani Il est libre max Il travaille un petit peu quand son corps est d'accord
Pour lui faut pas s'en faire, il sait doser son effort
Dans l'panier de crabes, (5 mots)
il joue pas les homards
9%
PLK, Hamza Pilote J'ai le numéro du baveux si je finis menotté
J'ai des idées plutôt bres-som
J'suis sous te-shi, sous potion
Ma sœur me dit qu'j'suis grossier (8 mots)
Mais que j'fais aussi des gros sons
9%
Feu! Chatterton Un monde nouveau Le monde, le monde de demain
On le bégayait tous sans n'y comprendre rien
À la loi nouvelle des éléments (5 mots)
Qui nous foutait la frousse
4%
Julien Doré Kiss me forever J'ai, les clefs de la punto
L'amour est dans le coffre
Y a mon disque de Renaud (7 mots)
Tiens d'ailleurs je te l'offre
0%
Aucun quiz correspondant
Distribution des résultats
% des personnes avec chaque résultat
Percentile par nombre de réponses
Votre historique - résultats
Vous n’avez pas pris ce quiz